| 000 | 00482nam a2200193 i 4500 | ||
|---|---|---|---|
| 001 | bg | ||
| 100 | 1 | _aLUEHRMANN, Arthur | |
| 245 | 0 |
_aApple Pascal : _ba hands on approach / _cA. Luehrmann, H. Peckham. |
|
| 260 |
_aNew York : _bMcGraw-Hill, _c1981. |
||
| 650 | 9 | _aPascal | |
| 700 | 1 | _aPECKHAM, Herbert | |
| 020 | _a0070491712 | ||
| 040 | _cBPK | ||
| 041 | _apol | ||
| 080 | _a004.438 | ||
| 920 | _a0-07-049171-2 | ||
| 942 | _cKS | ||
| 008 | s pl f |000 0 pol | ||
| 999 |
_c29601 _d29601 |
||
| 856 |
_uhttp://koha.tu.koszalin.pl/cgi-bin/koha/opac-detail.pl?biblionumber=29601 _yKatalog online BPK |
||